Načítá se...
Imperum Kappiyam Moolamum Thelivaraiyam
| Hlavní autor: | |
|---|---|
| Médium: | Printed Book |
| Vydáno: |
Manivasakar Publications
2013
|
| LEADER | 00389nam a22001097a 4500 | ||
|---|---|---|---|
| 082 | |a 294.5925 |b SUB.I | ||
| 100 | |a Subramanyam S.V | ||
| 245 | |a Imperum Kappiyam Moolamum Thelivaraiyam | ||
| 260 | |b Manivasakar Publications |c 2013 | ||
| 942 | |c BK | ||
| 999 | |c 8730 |d 8730 | ||
| 952 | |0 0 |1 0 |4 0 |6 294_592500000000000_SUB_I |7 0 |8 Tamil |9 10625 |a CAMPUS |b CAMPUS |d 2016-07-15 |l 0 |o 294.5925 SUB.I |p 22897 |r 2016-07-15 |w 2016-07-15 |y BK | ||